000 00311 a2200157 4500
001 192387
020 _a85-349-2368-X
040 _cMagnum
100 _aAlencar, José de
240 1 0 _aIracema
_lpor
245 1 0 _aIracema
300 _a102
440 1 _aPaulus
697 _aLITERATURA GERAL
942 _cBK
999 _c192387
_d192387